Upravená stavebnicová metóda odhadu nákladov vlastného kapitálu

Pri stanovovaní všeobecnej hodnoty podniku sa znalec stretáva s množstvom úskalí a problémov, ktoré musí vyriešiť. Mnohokrát sa musí rozhodovať medzi viacerými variantmi riešenia a často musí mnoho informácií získať sám svojimi skúsenosťami, odhadom, či poznatkami získanými praxou. Variantné riešeni...

Ausführliche Beschreibung

Gespeichert in:
Bibliographische Detailangaben
1. Verfasser: Rybárová, Daniela, 1967-
Weitere Verfasser: Švejdová, Nikola
Format: Buchkapitel
Sprache:Slowakisch
Schlagworte:
Tags: Tag hinzufügen
Keine Tags, Fügen Sie das erste Tag hinzu!

MARC

LEADER 00000naa a2200000 4500
001 0248853
005 20240502073959.7
041 0 |a slo 
044 |a SK 
245 1 0 |a Upravená stavebnicová metóda odhadu nákladov vlastného kapitálu  |c Daniela Rybárová, Nikola Švejdová 
520 |a Pri stanovovaní všeobecnej hodnoty podniku sa znalec stretáva s množstvom úskalí a problémov, ktoré musí vyriešiť. Mnohokrát sa musí rozhodovať medzi viacerými variantmi riešenia a často musí mnoho informácií získať sám svojimi skúsenosťami, odhadom, či poznatkami získanými praxou. Variantné riešenia sa vynárajú najmä pri použití výnosových metód, kde hlavným problémom je potreba informačných zdrojov pre získanie čo najpresnejšieho odhadu premenných vstupujúcich do výpočtu všeobecnej hodnoty podniku prostredníctvom podnikateľskej metódy. 
610 2 0 |a metódy ohodnocovania 
610 2 0 |a odhady 
610 2 0 |a kapitál vlastný 
610 2 0 |a hodnota podniku 
100 1 |a Rybárová, Daniela, 1967- 
700 1 |a Švejdová, Nikola